<?xml version="1.0" encoding="UTF-8"?>
<collection xmlns="http://www.loc.gov/MARC21/slim">
 <record>
  <leader>00704nam  2200289#c 4500</leader>
  <controlfield tag="001">UMA-1494</controlfield>
  <controlfield tag="003">UMA</controlfield>
  <controlfield tag="005">20230415    193358</controlfield>
  <controlfield tag="008">010302suuuu####ag###########||||#0#spa#d</controlfield>
  <datafield tag="336" ind1=" " ind2=" ">
   <subfield code="a">texto</subfield>
  </datafield>
  <datafield tag="337" ind1=" " ind2=" ">
   <subfield code="a">no mediado</subfield>
  </datafield>
  <datafield tag="338" ind1=" " ind2=" ">
   <subfield code="a">volumen</subfield>
  </datafield>
  <datafield tag="901" ind1=" " ind2=" ">
   <subfield code="a">5452</subfield>
  </datafield>
  <datafield tag="020" ind1=" " ind2=" ">
   <subfield code="a">9879856600</subfield>
  </datafield>
  <datafield tag="080" ind1=" " ind2=" ">
   <subfield code="a">070.092</subfield>
  </datafield>
  <datafield tag="092" ind1=" " ind2=" ">
   <subfield code="a">070.092</subfield>
  </datafield>
  <datafield tag="245" ind1=" " ind2=" ">
   <subfield code="a">El otro Moreno</subfield>
  </datafield>
  <datafield tag="100" ind1=" " ind2=" ">
   <subfield code="a">Sopeña</subfield>
   <subfield code="b">Germán</subfield>
  </datafield>
  <datafield tag="650" ind1=" " ind2=" ">
   <subfield code="a">Biografías</subfield>
  </datafield>
  <datafield tag="650" ind1=" " ind2=" ">
   <subfield code="a">Periodista</subfield>
  </datafield>
  <datafield tag="650" ind1=" " ind2=" ">
   <subfield code="a">Moreno, Francisco Pascasio, Perito, 1852-1919</subfield>
  </datafield>
  <datafield tag="650" ind1=" " ind2=" ">
   <subfield code="a">Periodismo</subfield>
  </datafield>
  <datafield tag="650" ind1=" " ind2=" ">
   <subfield code="a">Perito Moreno</subfield>
  </datafield>
  <datafield tag="041" ind1=" " ind2=" ">
   <subfield code="a">spa</subfield>
  </datafield>
  <datafield tag="044" ind1=" " ind2=" ">
   <subfield code="a">ag#</subfield>
  </datafield>
  <datafield tag="300" ind1=" " ind2=" ">
   <subfield code="a">42 p. : fot. byn ; 22 cm.</subfield>
  </datafield>
  <datafield tag="260" ind1=" " ind2=" ">
   <subfield code="a">Buenos Aires</subfield>
   <subfield code="b">Academia Nacional de Periodismo</subfield>
   <subfield code="c">2000</subfield>
  </datafield>
 </record>
</collection>
